000 00300nam a22001337a 4500
008 170406b xxu||||| |||| 00| 0 eng d
020 _a9780838504451
041 _aeng
080 _a611.018
100 _a9
101 _aSHM
245 _aBASIC HISTOLOGY COLOR ATLAS
_cBEMAN.I
942 _2udc
_cBK
999 _c10034
_d10034